书目信息 |
| 书名: | Nights of spring fever and other writings | |
| 作者: | ||
| 分册号: | ||
| 分册名: | 出版地: | Beijing : |
|
| 出版社: | Chinese Literature | |
| 出版时间: | 1984. | |
| 页数: | 213 p. ; | |
| 开本: | 18 cm. | |
| 丛书名: | ||
| 中图分类号: | ||
| 科图分类号: | ||
| 其他分类号: | H319.4 | |
| 主题词: | ||
| 电子资源: | ||
| 000 | 01074nam 2200289 a 4500 | |
| 001 | E0739453050 | |
| 005 | 20070228110027.10 | |
| 008 | eng | |
| 008 | uu | |
| 020 | @a0-8351-1079-6 :@cCNY1.40. | |
| 040 | @aNLC | |
| 041 | 1 | @aeng @hchi |
| 043 | @aa-cc--- | |
| 049 | @aN5LA | |
| 090 | @a2C-89/I216.6/Y94/////////////815607 | |
| 090 | @aH319.4 | |
| 096 | @aI216.6 @v2 | |
| 099 | @dH319.4@ex274 | |
| 100 | 1 | @aYu, Dafu, @d1896-1945 |
| 240 | 10 | @aChun feng chen zui de wan shang. @lEnglish |
| 242 | 10 | @a春风沉醉的晚上(英语版) / @c郁达夫 @ychi |
| 245 | 10 | @aNights of spring fever and other writings |
| 260 | @aBeijing :@bChinese Literature,@c1984. | |
| 300 | @a213 p. ;@c18 cm. | |
| 600 | 10 | @aYu, Dafu, @d1896-1945 @vTranslations into English. @b00 @c20020930 @lNLC09 @h2246 @b40 @c20021223 @lNLC09 @h1932 @b40 @c20021223 @lNLC09 @h1932 @b40 @c20021223 @lNLC09 @h1937 @lNLC09 @h2303 @lNLC09 @h1854 @b40 @c20040310 @lNLC09 @h1838 |
| 650 | 0 | @aChinese fiction @y20th century @vTranslations into English. |
| 852 | 9 | @bWWJC @cJ08S @k2C-89 @hI216.6 @iY94 |
| Nights of spring fever and other writings.-Beijing : : Chinese Literature, , 1984. |
| 213 p. ; ; 18 cm. |
| ISBN 0-8351-1079-6 :CNY1.40. |
| ● |
| 相关链接 |
|
|
|
|
正题名:Nights of spring fever and other writings
索取号:H319.4/x274
 
预约/预借
| 序号 | 登录号 | 条形码 | 馆藏地/架位号 | 状态 | 备注 |
| 1 | 124991 | 001427557 | 第四借阅区/ [索取号:H319.4/x274] | 在馆 | |
| 2 | 124992 | 001427548 | 第四借阅区/ [索取号:H319.4/x274] | 在馆 | |
| 3 | 124993 | 001428468 | 第四借阅区/ [索取号:H319.4/x274] | 在馆 | |
| 4 | 124994 | 001428477 | 第四借阅区/ [索取号:H319.4/x274] | 在馆 | |
| 5 | 124995 | 001427593 | 密集书库/ [索取号:H319.4/x274] | 在馆 | |
| 6 | 124996 | 001428486 | 密集书库/ [索取号:H319.4/x274] | 在馆 | |
| 7 | 124997 | 001427600 | 第四借阅区/ [索取号:H319.4/x274] | 在馆 | |
| 8 | 124998 | 001428459 | 密集书库/ [索取号:H319.4/x274] | 在馆 | |
| 9 | 124999 | 001427566 | 密集书库/ [索取号:H319.4/x274] | 在馆 | |
| 10 | 125000 | 001427539 | 第二样本阅览室/ [索取号:H319.4/x274] | 在馆 |